000 00865nam a22002897a 4500
999 _c14074
_d14074
003 MIRAKIL
005 20211214000618.0
008 200921b tu ||||| |||| 00| 0 tur d
020 _a9752976050
035 _a16172
040 _aTR-AnCHP
_btur
_cTR-AnCHP
041 _atur
082 _a320.9561
_bM97k 2005
100 _aMütercimler, Erol
245 _aKomplo teorileri:
_bAynanın ardında kala gerçekler/
_cErol Mütercimler.
246 _aAynanın ardında kala gerçekler
250 _a3. bs.
260 _aİstanbul:
_bAlfa Yayınları,
_c2005.
300 _axv, 565 s.:
_c21 sm.
440 _aAlfa yayınları
_p1575
490 _aSiyaset-Sosyoloji
_v69
504 _aKaynakça vardır.
650 0 _aSiyaset ve yönetim
_xTürkiye
_99
651 _aTürkiye
_xSiyasal tarih
740 _aAynanın ardında kala gerçekler
942 _2ddc
_cBKS